000 00381nam a2200145Ia 4500
008 231129s2007||||xx |||||||||||||| ||spa||
020 _a978-958-45-0440-1
040 _bspa
082 _aPr863.6 L864c
100 _aLópez Nieves Luis 1950-
245 0 _aEl Corazón de Voltaire
260 _c2007
264 _aEdit. Norma
942 _2ddc
_cBKS
999 _c10688
_d10688